Statistiken für Beliebteste Sportarten in Deutschland (schwer)

Klicken Sie hier um das Quiz zu spielen!

Allgemein

  • Dieses Quiz wurde 167 mal gespielt
    (34 seit der letzten Aktualisierung)
  • Das Durchschnittsergebnis liegt bei 5 aus 20

Antwortstatistiken

#VereinsmitgliederSportart% Korrekt
1~ 7 365 000Fußball
100%
2~ 4 786 000Turnen
48%
6~ 737 000Handball
40%
3~ 1 475 000Tennis
36%
13~ 242 000Basketball
32%
11~ 511 000Ski
32%
9~ 563 000Schwimmen
24%
10~ 512 000Tischtennis
24%
12~ 410 000Volleyball
24%
7~ 683 000Golf
16%
20~ 127 600Judo
16%
18~ 135 000Karate
16%
5~ 776 000Leichtathletik
16%
8~ 663 000Reiten
16%
4~ 1 320 000Schießen/ Schützen
16%
16~ 169 000Badminton
12%
17~ 150 000Radsport
12%
14~ 194 000Segeln
12%
15~ 192 000Tanzen
12%
19~ 128 000Kanu
4%

Verteilung der Resultate

Perzentil nach korrekt beantworteten Fragen

Anzahl Personen mit jedem Resultat

Ihre Resultats-Entwicklung

Sie haben dieses Quiz seit der letzten Aktualisierung nicht gespielt